| 000 | 01564nam a2200457 i 4500 | ||
|---|---|---|---|
| 001 | 40773 | ||
| 003 | KOSZ 005 | ||
| 005 | 20210419135740.0 | ||
| 008 | s2002 pl f |000 0 pol | ||
| 020 | _a8371642687 | ||
| 022 | _a1230-2562 | ||
| 040 |
_cKOSZ 005 _aKOSZ 005 _dKOSZ 005/EG |
||
| 041 | 0 |
_apl _bengger |
|
| 080 | _a913 | ||
| 080 | _a7.03 | ||
| 080 | _a(091) | ||
| 080 | _a(4) | ||
| 080 | _a556.5 | ||
| 080 | _a502 | ||
| 245 | 0 | 0 |
_aRzeki : _bkultura, cywilizacja, historia. _nT. 10 / _cpod red. Jerzego Kułtuniaka. |
| 260 |
_aKatowice : _b"Śląsk", _c2002. |
||
| 300 |
_a288 s., [26] s.tabl. kolor. : _bfaks., fot. kolor., mapy, pl., wykr. ; _c24 cm. |
||
| 336 |
_2rdacontent _aTekst _btxt |
||
| 337 |
_2rdamedia _aBez urządzenia pośredniczącego _bn |
||
| 338 |
_2rdacarrier _aWolumin _bnc |
||
| 380 | _aKsiążki | ||
| 388 | _a2001- | ||
| 490 | 1 |
_aBiblioteka Zespołu Organizatorów Przestrzennego Muzeum Odry, _x1230-2562 |
|
| 500 | _aWstęp, streszcz. ang. i niem. | ||
| 504 | _aBibliogr. przy poszcz. rozdz. | ||
| 546 | _aSpis treści również ang. i niem. | ||
| 546 | _aStreszcz. ang. i niem. | ||
| 650 | 7 | _aRzeki | |
| 658 | _aGeografia i nauki o Ziemi | ||
| 658 | _aKultura i sztuka | ||
| 700 | 1 |
_aKułtyniak, Jerzy _eRedakcja |
|
| 710 | 2 |
_aWydawnictwo "Śląsk" _4pbl |
|
| 830 | _aBiblioteka Zespołu Organizatorów Przestrzennego Muzeum Odry | ||
| 856 |
_uhttp://koha.tu.koszalin.pl/cgi-bin/koha/opac-detail.pl?biblionumber=40773 _yKatalog online BPK |
||
| 942 |
_2UKD _cKS |
||
| 999 |
_c40773 _d40773 |
||